00978nam a2200265 i 4500001000300000100002300003245007800026260004500104300002900149490008500178500003400263504003200297650003500329830007400364020001500438040000800453041001100461080001000472920001800482942000700500008004100507999001700548856009800565952004900663bg1 aMALINOWSKI, Leszek10aRelaksacyjny model przewodzenia i generacji ciepła /cLeszek Malinowski. aSzczecin :bWydaw. Uczelniane PS,c1995. a83 s. :bwykr. ;c24 cm.1 aPrace Naukowe Politechniki Szczecińskiej. Instytut Fizyki,x0208-712X ;vnr 11 aNumeracja ser. gł. : nr 525. aBibliogr. s. 79-81. - Summ. 9aPrzewodnictwo cieplnexbadanie 0aPrace Naukowe Politechniki Szczecińskiej.pInstytut Fizyki ;vnr 11 a8386359927 cBPK0 aplben a536.2 a83-86359-92-7 cKS s pl f |000 0 pol  c31140d31140 uhttp://koha.tu.koszalin.pl/cgi-bin/koha/opac-detail.pl?biblionumber=31140yKatalog online BPK 00104070aBPKbBPKcwo38247p01135671yKS